000 00498nam a2200145Ia 4500
008 151213s9999 xx 000 0 und d
100 _aড. মিজানুর রহমান।
245 _aতুলনামূলক আইন।
_cড. মিজানুর রহমান।
260 _aঢাকা
_bবাংলা একাডেমী।
_c1990
300 _a3290 p.
650 _aLaw
650 _aLaw
700 _aড. মিজানুর রহমান।
999 _c2247
_d2247